| 000 | 01362cam a2200337 a 4500 | ||
|---|---|---|---|
| 001 | 11978354 | ||
| 005 | 20140310181720.0 | ||
| 008 | 000418s2000 enk b 101 0 eng | ||
| 010 | _a 00031449 | ||
| 020 | _a0714650722 | ||
| 020 | _a0714681202 (pbk.) | ||
| 040 |
_aDLC _cDLC _dDLC |
||
| 043 |
_an-us--- _ae-ur--- |
||
| 050 | 0 | 0 |
_aD 840 _b.W522 2000 |
| 082 | 0 | 0 |
_aIB 327.47073 _bR32 2000 |
| 100 | _aWestad, Odd Arne. | ||
| 111 | 2 |
_aNobel Symposium _n(107th : _d1998 : _cLysebu, Norway) |
|
| 245 | 1 | 0 |
_aReviewing the Cold War : _bapproaches, interpretations, and theory / _cOdd Arne Westad. |
| 260 |
_aLondon ; _aPortland, OR : _bF. Cass, _c2000. |
||
| 300 |
_a382 p. : _c24 cm. |
||
| 650 | 0 | _aCold War. | |
| 650 | 0 |
_aWorld politics _y1945-1989. |
|
| 651 | 0 |
_aUnited States _xForeign relations _zSoviet Union. |
|
| 651 | 0 |
_aSoviet Union _xForeign relations _zUnited States. |
|
| 700 | 1 | _aWestad, Odd Arne. | |
| 856 | 4 | 2 |
_3Publisher description _uhttp://www.loc.gov/catdir/enhancements/fy0652/00031449-d.html |
| 906 |
_a7 _bcbc _corignew _d1 _eocip _f20 _gy-gencatlg |
||
| 942 |
_2lcc _cBK |
||
| 999 |
_c1964 _d1964 |
||